Aportes para la compresión del comportamiento del sistema de salud en el marco de las guerras populares de liberación /
Gespeichert in:
| 1. Verfasser: | |
|---|---|
| Weitere Verfasser: | |
| Format: | Text |
| Schlagworte: | |
| Tags: |
Tag hinzufügen
Keine Tags, Fügen Sie den ersten Tag hinzu!
|
MARC
| LEADER | 00000 a a2200000 04500 | ||
|---|---|---|---|
| 001 | 47540 | ||
| 003 | |||
| 040 | |||
| 090 | |a REV0857 6 (17) 1980 | ||
| 100 | |a Zambrana Díaz, Ricardo | ||
| 245 | |a Aportes para la compresión del comportamiento del sistema de salud en el marco de las guerras populares de liberación / |c Ricardo Zambrana Díaz, Pedro Huertas | ||
| 500 | |a Ponencia presentada al VII Seminario Regional del Programa Centroamericano de Ciencias de la Salud del CSUCA sobre "Sistemas de Salud y Participación Popular en Centroamérica". | ||
| 650 | |a SISTEMA DE SALUD | ||
| 650 | |a CONFLICTOS SOCIALES | ||
| 650 | |2 Macrothesaurus de la OCDE/ | ||
| 650 | |a MOVIMIENTO SOCIAL | ||
| 650 | |a LIBERTAD | ||
| 700 | |a Huertas, Pedro | ||
| 773 | |g volumen6, número17, setiembre-diciembre (1980) | ||
| 999 | |c 39361 |d 39361 | ||
